000 00535nam a2200193Ia 4500
003 GCL
008 140319s9999 xx 000 0 ara d
040 _aGCL /
_cGCL
082 0 4 _a191
_bز ق
100 1 _aزكى نجيب محمود
245 1 0 _aقصة نفس /
_cزكى نجيب محمود
250 _aالرابعة
260 _aالقاهرة :
_bدار الشروق ،
_c1993
300 _a255 ص ؛
_c20 سم
490 _a
650 0 4 _aالمذكرات
650 0 4 _aالتراجم الذاتية
942 _2ddc
_cBK
999 _c43822
_d43822